Akta Latihan Khidmat Negara 2003 (Act 628) dan Peraturan-peraturan & National Service Training Act 2003 (Act 628) and Regulations : (Hingga 20hb Mei 2006)

Bibliographic Details
Corporate Authors: Malaysia, International Law Book Services. Lembaga Penyelidikan Undang-undang
Format: Book
Published: Petaling Jaya : International Law Book Services , 2006
Subjects:

MARC

LEADER 00000cam a2200000 7i4500
001 0000018471
005 20061226.0
020 |a 9678915030 
040 |a INS 
090 0 0 |a KPG1457   |b M4 2006 
110 1 |a Malaysia 
240 0 0 |a [Akta Latihan Khidmat Negara 2003 (Akta 628)] 
245 1 0 |a Akta Latihan Khidmat Negara 2003 (Act 628) dan Peraturan-peraturan & National Service Training Act 2003 (Act 628) and Regulations :   |b (Hingga 20hb Mei 2006)   |c Disusun oleh: Lembaga Penyelidikan Undang-undang 
260 |a Petaling Jaya :   |b International Law Book Services ,   |c 2006 
300 |a 24p. :   |b 24cm 
650 0 0 |a National service   |a Law and legislation   |z Malaysia 
710 1 |a International Law Book Services. Lembaga Penyelidikan Undang-undang 
740 0 |a Undang-Undang Malaysia 
999 |a 0000017786   |b BOOK   |c Acts   |e Default branch 
999 |a 0000019978   |b BOOK   |c Open Shelf   |e Default branch